Beauty and the beast lyrics quiz - Statistics

General Stats
  • This quiz has been taken 528 times
  • The average score is 22 of 27
Answer Stats
Lyrics Answer % Correct
Tale as ___ as time Old
99%
Tale as ___ as time Old
99%
Tune as ___ as song Old
99%
Tale as ___ as time Old
99%
Song as ___ as rhyme Old
99%
Tale as ___ as time Old
99%
Song as ___ as rhyme Old
99%
______ and the beast Beauty
95%
Just a _____ change Little
88%
As the ___ will rise Sun
87%
Both a little _____ Scared
85%
Beauty and the ______ Beast
82%
Barely even _______ Friends
82%
Neither one _________ Prepared
82%
Beauty ___ ___ beast And the
81%
____ as it can be True
81%
Small __ ___ the least To say
80%
Then somebody _____ Bends
77%
Ever just ___ ____ The same
75%
Ever a _______ Surprise
72%
Finding you can ______ Change
69%
Rising in the ____ East
69%
____ as before Ever
60%
Ever just __ ____ As sure
59%
Learning you ____ _____ We're wrong
52%
______ as the sun Certain
48%
__________ and strange Bittersweet
43%
No matching quizzes found
Score Distribution
Percent of People with Each Score
Percentile by Number Answered
Your Score History
You have not taken this quiz